Todos los soles mienten /

Guardado en:
Autor Principal: Valentino, Esteban
Formato: Libro
Publicado: Buenos Aires : Alfaguara, 2012.
Series:Serie Roja
Materias:
Etiquetas: Agregar Etiqueta
Sin Etiquetas, Sea el primero en etiquetar este registro!
LEADER 00638nam a22002055a 4500
001 CEM.cems018735
008 130507s2012##################000#0#####d
005 20230425110544.0
245 1 0 |a Todos los soles mienten /  |c Esteban Valentino. 
260 |a Buenos Aires :  |b Alfaguara,  |c 2012. 
300 |a 160p. 
490 0 |a Serie Roja 
020 |a 9789870417378 
100 1 |a Valentino, Esteban 
082 0 4 |a A863.4 
653 |a Literatura argentina 
653 |a Literatura juvenil 
653 |a Narrativa 
859 |a CEMS  |b BIB. CEMS - Agricultura  |h A863.4  |i V235-1  |p A3264.19  |t Ej.1 
859 |a CEMS  |b BIB. CEMS - Agricultura  |h A863.4  |i V235-1  |p A3555.23  |t Ej.2